|
|
|
|
| LEADER |
00000nam0a2200000 4500 |
| 001 |
77452 |
| 005 |
20231101212931.0 |
| 010 |
|
|
|a 5940103189
|
| 035 |
|
|
|a (RuTPU)RU\TPU\book\83053
|
| 090 |
|
|
|a 77452
|
| 100 |
|
|
|a 20050520d2005 m y0rusy50 ca
|
| 101 |
0 |
|
|a rus
|
| 102 |
|
|
|a RU
|
| 105 |
|
|
|a a j 001zy
|
| 200 |
1 |
|
|a Жизнедеятельность и биосфера
|e учебное пособие
|f В. А. Алексеенко
|
| 210 |
|
|
|a Москва
|c Логос
|d 2005
|
| 215 |
|
|
|a 230 с.
|c ил.
|
| 225 |
1 |
|
|a Новая университетская библиотека
|
| 320 |
|
|
|a Библиогр.: с. 230.
|
| 330 |
|
|
|a Рассматриваются природные и техногенные факторы, влияющие на безопасность жизнедеятельности в биосфере, эколого-геохимические изменения, характеризующие начальный период формирования ноосферы. Приводятся закономерности развития природных и техногенных изменений в среде обитания человека, а также рекомендации по применению показателей, нормирующих загрязнение геохимических ландшафтов различными поллютантами. Для студентов высших учебных заведений, обучающихся по направлениям и специальностям «Защита окружающей среды», «Экология», «Геохимия», «Биология», «География». Представляет интерес для аспирантов и специалистов в области химии, биологии, физики и всего комплекса наук о Земле.
|
| 606 |
|
|
|a Экология
|x (биологические науки)
|2 stltpush
|3 (RuTPU)RU\TPU\subj\67531
|9 83289
|
| 610 |
1 |
|
|a биосфера
|
| 610 |
1 |
|
|a жизнедеятельность
|
| 610 |
1 |
|
|a учебные пособия
|
| 610 |
1 |
|
|a Земля
|
| 610 |
1 |
|
|a безопасность жизнедеятельности
|
| 610 |
1 |
|
|a ноосфера
|
| 610 |
1 |
|
|a живое вещество
|
| 610 |
1 |
|
|a формирование
|
| 610 |
1 |
|
|a геохимические ландшафты
|
| 610 |
1 |
|
|a геохимические барьеры
|
| 610 |
1 |
|
|a химические элементы
|
| 610 |
1 |
|
|a радиоактивный распад
|
| 610 |
1 |
|
|a геопатогенные зоны
|
| 610 |
1 |
|
|a стихийные бедствия
|
| 610 |
1 |
|
|a техногенные аномалии
|
| 610 |
1 |
|
|a техногенные изменения
|
| 610 |
1 |
|
|a почва
|
| 610 |
1 |
|
|a атмосфера
|
| 610 |
1 |
|
|a природные зоны
|
| 610 |
1 |
|
|a живые организмы
|
| 610 |
1 |
|
|a радиоактивное загрязнение
|
| 610 |
1 |
|
|a магнитные поля
|
| 610 |
1 |
|
|a электромагнитные поля
|
| 610 |
1 |
|
|a ядерное излучение
|
| 610 |
1 |
|
|a акустические колебания
|
| 610 |
1 |
|
|a вибрация
|
| 610 |
1 |
|
|a электрический ток
|
| 675 |
|
|
|a 574(075.8)
|v 3
|
| 700 |
|
1 |
|a Алексеенко
|b В. А.
|g Владимир Алексеевич
|
| 801 |
|
1 |
|a RU
|b 63413507
|c 20050520
|g PSBO
|
| 801 |
|
2 |
|a RU
|b 63413507
|c 20170907
|g PSBO
|
| 900 |
|
|
|a Защита окружающей среды
|
| 900 |
|
|
|a Безопасность жизнедеятельности
|
| 942 |
|
|
|c BK
|
| 951 |
|
|
|a 553500
|b 320700
|b 330000
|